000 00458ntaaa2200181 4500
003 01
005 20251027201627.0
008 0714s1973 ag 01
040 _aAR-BaBN
_bspa
_cAR-BaBN
_eaacr
_dRIC
082 _a248.4000 T15c
100 _aTamayo, Juan Pablo
_914983
245 _aComo resolver los problemas
250 _a1 ed.
260 _aEl Paso :
_bCasa bautista de publicaciones,
_c1973
300 _a23 p
650 _avida cristiana
942 _cBK
999 _c10924
_d10924